Eastern Utah Libraries Catalog: Duchesne, Heber, Roosevelt, & Vernal

The true blue scouts of Sugar Man Swamp (Record no. 281303)

MARC details
000 -LEADER
fixed length control field 02691nim a2200577Ia 4500
001 - CONTROL NUMBER
control field ocn853014083
003 - CONTROL NUMBER IDENTIFIER
control field OCoLC
005 - DATE AND TIME OF LATEST TRANSACTION
control field 20200320191350.0
007 - PHYSICAL DESCRIPTION FIXED FIELD--GENERAL INFORMATION
fixed length control field sd fungnnmmned
008 - FIXED-LENGTH DATA ELEMENTS--GENERAL INFORMATION
fixed length control field 130717s2013 mdunnnnj f n eng d
020 ## - INTERNATIONAL STANDARD BOOK NUMBER
International Standard Book Number 9781470377465
020 ## - INTERNATIONAL STANDARD BOOK NUMBER
International Standard Book Number 1470377462
028 02 - PUBLISHER NUMBER
Publisher number C02732
Source Recorded Books
035 ## - SYSTEM CONTROL NUMBER
System control number (OCoLC)853014083
040 ## - CATALOGING SOURCE
Original cataloging agency GL9
Transcribing agency GL9
Modifying agency WACOL
049 ## - LOCAL HOLDINGS (OCLC)
Holding library WACL
092 ## - LOCALLY ASSIGNED DEWEY CALL NUMBER (OCLC)
Classification number cd
Item number App
100 1# - MAIN ENTRY--PERSONAL NAME
Personal name Appelt, Kathi,
Dates associated with a name 1954-
9 (RLIN) 25161
245 14 - TITLE STATEMENT
Title The true blue scouts of Sugar Man Swamp
Medium [sound recording] /
Statement of responsibility, etc by Kathi Appelt.
260 ## - PUBLICATION, DISTRIBUTION, ETC. (IMPRINT)
Place of publication, distribution, etc Prince Frederick, MD :
Name of publisher, distributor, etc Recorded Books,
Date of publication, distribution, etc p2013.
300 ## - PHYSICAL DESCRIPTION
Extent 5 sound discs (5 hr., 45 min.) :
Other physical details digital ;
Dimensions 4 3/4 in.
336 ## - Content Type
Content type term spoken word
337 ## - Media type
Media type term audio
338 ## - Carrier type
Carrier type term audio disc
500 ## - GENERAL NOTE
General note Title from disc surface.
511 0# - PARTICIPANT OR PERFORMER NOTE
Participant or performer note Read by Lyle Lovett.
500 ## - GENERAL NOTE
General note Compact discs.
500 ## - GENERAL NOTE
General note Duration: 5:45:00.
520 ## - SUMMARY, ETC.
Summary, etc Raccoon brothers Bingo and J'miah are the newest recruits of the Official Sugar Man Swamp Scouts. The opportunity to serve the Sugar Man, the massive creature who delights in delicious sugar cane and magnanimously rules over the swamp, is an honor, and also a big responsibility, since the rest of the swamp critters rely heavily on the intel of these hardworking Scouts.
520 ## - SUMMARY, ETC.
Summary, etc Twelve-year-old Chap Brayburn, ancient Sugar Man, and his raccoon-brother Swamp Scouts Bingo and J'miah try to save Bayou Tourterelle from feral pigs Clydine and Buzzie, greedy Sunny Boy Beaucoup, and world-class alligator wrestler and would-be land developer Jaeger Stitch.
521 ## - TARGET AUDIENCE NOTE
Target audience note junior cd
Source recorded books
650 #0 - SUBJECT ADDED ENTRY--TOPICAL TERM
Topical term or geographic name as entry element Swamps
Form subdivision Juvenile fiction.
9 (RLIN) 5703058
650 #0 - SUBJECT ADDED ENTRY--TOPICAL TERM
Topical term or geographic name as entry element Swamp animals
Form subdivision Juvenile fiction.
9 (RLIN) 5881254
650 #0 - SUBJECT ADDED ENTRY--TOPICAL TERM
Topical term or geographic name as entry element Real estate developers
Form subdivision Juvenile fiction.
9 (RLIN) 5881255
650 #0 - SUBJECT ADDED ENTRY--TOPICAL TERM
Topical term or geographic name as entry element Raccoon
Form subdivision Juvenile fiction.
9 (RLIN) 5688221
650 #0 - SUBJECT ADDED ENTRY--TOPICAL TERM
Topical term or geographic name as entry element Brothers
Form subdivision Juvenile fiction.
9 (RLIN) 5674796
650 #0 - SUBJECT ADDED ENTRY--TOPICAL TERM
Topical term or geographic name as entry element Scouting (Youth activity)
Form subdivision Juvenile fiction.
9 (RLIN) 5741907
650 #1 - SUBJECT ADDED ENTRY--TOPICAL TERM
Topical term or geographic name as entry element Swamps
Form subdivision Fiction.
9 (RLIN) 5722805
650 #1 - SUBJECT ADDED ENTRY--TOPICAL TERM
Topical term or geographic name as entry element Swamp animals
Form subdivision Fiction.
9 (RLIN) 5881256
650 #1 - SUBJECT ADDED ENTRY--TOPICAL TERM
Topical term or geographic name as entry element Real estate developers
Form subdivision Fiction.
9 (RLIN) 5675496
650 #1 - SUBJECT ADDED ENTRY--TOPICAL TERM
Topical term or geographic name as entry element Raccoon
Form subdivision Fiction.
9 (RLIN) 5688224
650 #1 - SUBJECT ADDED ENTRY--TOPICAL TERM
Topical term or geographic name as entry element Brothers
Form subdivision Fiction.
9 (RLIN) 5674799
650 #1 - SUBJECT ADDED ENTRY--TOPICAL TERM
Topical term or geographic name as entry element Scouting (Youth activity)
Form subdivision Fiction.
9 (RLIN) 5741908
650 #1 - SUBJECT ADDED ENTRY--TOPICAL TERM
Topical term or geographic name as entry element Humorous stories.
9 (RLIN) 5881257
655 #7 - INDEX TERM--GENRE/FORM
Genre/form data or focus term Children's audiobooks.
Source of term lcgft
9 (RLIN) 5675081
700 1# - ADDED ENTRY--PERSONAL NAME
Personal name Lovett, Lyle.
Relator code nrt
9 (RLIN) 37059
942 ## - ADDED ENTRY ELEMENTS (KOHA)
Koha item type CD
948 ## - LOCAL PROCESSING INFORMATION (OCLC); SERIES PART DESIGNATOR (RLIN)
Series part designator, SPT (RLIN) 07/26/2013
z (OCLC) Sirsi
994 ## -
-- 02
-- WACOL
996 ## -
-- 102192
-- 34301001162314
-- JCD
-- CD
-- wcl
-- i
-- 9
-- 77.75
-- .CIRCNOTE. 5 discs
-- recorded books
-- App
-- 08/05/2013
-- 07/23/2019
-- 07/06/2019
Holdings
Withdrawn status Lost status Source of classification or shelving scheme Materials specified (bound volume or other part) Damaged status Not for loan Collection code Home library Current library Shelving location Date acquired Source of acquisition Cost, normal purchase price Total Checkouts Total Renewals Full call number Barcode Date last seen Date checked out Cost, replacement price Price effective from Koha item type
    Dewey Decimal Classification .CIRCNOTE. 5 discs     Junior Audiobooks Wasatch County Library Wasatch County Library Main Floor Junior Area 08/05/2013   77.75 12 3 J CD App 34301001162314 09/01/2024 07/26/2024 77.75 03/20/2020 Audiobook on CD
This project was made possible through a grant from the Institute of Museum and Library Service administered by the Utah State Library Division.

Wasatch County Library

  • 465 East 1200 South, Heber City, Utah 84032
  • Phone 435-654-1511 | Fax 435-654-6456

Hours

  • Monday - Friday 9:30 AM - 8:00 PM
  • Saturday 9:30 AM - 1:30 PM
  • Closed Sundays and Holidays